Countries Britain Invaded - Statistics

General Stats
  • This quiz has been taken 56 times
  • The average score is 4 of 15
Answers on the Grid
Answers color-coded by a green-red scale on the quiz's grid according to % correct below.
Netherlands
Sri Lanka
Cuba
Dominica
France
Philippines
Trinidad and Trabago
Andorra
Ivory Coast
Bolivia
Central African Republic
Guatemala
Sweden
Poland
Mongolia
China
Vietnam
Ivory Coast
Belarus
Nicaragua
Tajikistan
Republic of the Congo
Iran
Monaco
Turkey
Namibia
Kyrgyzstan
Vatican City
Indonesia
Paraguay
 
Answer Stats
Answer % Correct
France
63%
China
56%
Sri Lanka
39%
Iran
37%
Indonesia
34%
Trinidad and Trabago
34%
Turkey
32%
Netherlands
29%
Namibia
24%
Vietnam
20%
Cuba
17%
Dominica
17%
Philippines
17%
Poland
12%
Nicaragua
7%
No matching quizzes found
Score Distribution
Percent of People with Each Score
Percentile by Number Answered
Your Score History
You have not taken this quiz